Welcome to the Holygrace Academy Library

Please use search bar below to get started

TRUE STORIES OF D-DAY (Record no. 2814)

MARC details
000 -LEADER
fixed length control field 00488nam a22001457a 4500
020 ## - INTERNATIONAL STANDARD BOOK NUMBER
ISBN 0-439-88980-4
082 ## - DEWEY DECIMAL CLASSIFICATION NUMBER
Classification number 823
Item number BRO/T
100 ## - MAIN ENTRY--AUTHOR NAME
Personal name BROOK, HENRY
245 ## - TITLE STATEMENT
Title TRUE STORIES OF D-DAY
260 ## - PUBLICATION, DISTRIBUTION, ETC. (IMPRINT)
Place of publication NEW YORK
Name of publisher SCHOLASTIC
Year of publication 2006
300 ## - PHYSICAL DESCRIPTION
Number of Pages 160
520 ## - SUMMARY, ETC.
Summary, etc Tells the stories of the real-life heroes involved of a single day that changed the face of modern history, 6 June 1944 - D-day, the allied invasion of Nazi-occupied Normandy.
650 ## - SUBJECT ADDED ENTRY--TOPICAL TERM
Topical Term NOVEL
Geographic subdivision UNITED STATES
942 ## - ADDED ENTRY ELEMENTS (KOHA)
Koha item type Books
Holdings
Withdrawn status Lost status Collection code Home library Current library Shelving location Date acquired Source of acquisition Full call number Accession Number Koha item type
    Fiction Main Library Main Library SHELF-14B -ALPHABETICAL -B--ENGLISH NOVELS & FICTIONS 17/10/2011 purchase 823 BRO/T 05650 Books